000 01172cam a2200325 a 4500
999 _c220
_d220
001 3855567
003 GBCCL
005 20241126110333.0
008 880419s1988 ilu b 001 0 eng
010 _a 88015300
020 _a0802441572
020 _a9780802441577
040 _aDLC
_cDLC
_dDLC
050 0 0 _aBS1405.2
_b.B84 1988
082 0 0 _a223.061
_219
_bBUL
100 1 _aBullock, C. Hassell.
_956
245 1 3 _aAn introduction to the Old Testament poetic books /
_cC. Hassell Bullock.
250 _aRev. and expanded.
260 _aChicago :
_bMoody Press,
_cc1988.
300 _a271 p. ;
_c24 cm.
500 _aIncludes indexes.
504 _aBibliography: p. [235]-255.
505 _ac5-7, First Indian edition published by Omega Book world , 2019, p-332
630 0 0 _aBible.
_pOld Testament
_xCriticism, interpretation, etc.
_957
650 0 _aHebrew poetry, Biblical
_xHistory and criticism.
_958
650 0 _aWisdom literature
_xCriticism, interpretation, etc.
_959
906 _a7
_bcbc
_corignew
_d1
_eocip
_f19
_gy-gencatlg
942 _2ddc
_cBK
_0128